Online
Catalog

La educación superior en el siglo XXI : (Record no. 39932)

MARC details
000 -CABECERA
campo de control de longitud fija 01267nam a2200337 i 4500
001 - NÚMERO DE CONTROL
campo de control 000040442
003 - IDENTIFICADOR DEL NÚMERO DE CONTROL
campo de control DO-SdBNP
005 - FECHA Y HORA DE LA ÚLTIMA TRANSACCIÓN
campo de control 20250812084531.0
007 - CAMPO FIJO DE DESCRIPCIÓN FÍSICA--INFORMACIÓN GENERAL
campo de control de longitud fija ta
008 - DATOS DE LONGITUD FIJA--INFORMACIÓN GENERAL
campo de control de longitud fija 130826s1998 dr 000 0 spa d
040 ## - FUENTE DE LA CATALOGACIÓN
Centro catalogador/agencia de origen DO-SdBNP
Lengua de catalogación spa
Centro/agencia transcriptor BNPHU
Normas de descripción rda
041 ## - CÓDIGO DE LENGUA
Código de lengua del texto/banda sonora o título independiente spa
082 #4 - NÚMERO DE LA CLASIFICACIÓN DECIMAL DEWEY
Número de clasificación xxx
Número de documento/Ítem E24
Número de edición 22
110 1# - ENTRADA PRINCIPAL--NOMBRE DE ENTIDAD CORPORATIVA
Nombre de entidad corporativa o nombre de jurisdicción como elemento de entrada República Dominicana
Unidad subordinada Universidad Autónoma de Santo Domingo
9 (RLIN) 7249
245 13 - MENCIÓN DE TÍTULO
Título La educación superior en el siglo XXI :
Resto del título visión y acción /
264 #4 - PRODUCCIÓN, PUBLICACIÓN, DISTRIBUCIÓN, FABRICACIÓN Y COPYRIGHT
Producción, publicación, distribución, fabricación y copyright Santo Domingo :
Nombre del de productor, editor, distribuidor, fabricante Editora Universitaria-UASD,
Fecha de producción, publicación, distribución, fabricación o copyright ©1998.
300 ## - DESCRIPCIÓN FÍSICA
Extensión [366] páginas ;
Dimensiones 27 cm.
336 ## - TIPO DE CONTENIDO
Término de tipo de contenido texto
Código de tipo de contenido txt
Fuente rdacontent
337 ## - TIPO DE MEDIO
Nombre/término del tipo de medio sin mediación
Código del tipo de medio n
Fuente rdamedia
338 ## - TIPO DE SOPORTE
Nombre/término del tipo de soporte volumen
Código del tipo de soporte nc
Fuente rdacarrier
490 1# - MENCIÓN DE SERIE
Mención de serie Conferencia magistral
Designación de volumen o secuencia 2
490 1# - MENCIÓN DE SERIE
Mención de serie Publicaciones de la Universidad Autónoma de Santo Domingo
Designación de volumen o secuencia 892
500 ## - NOTA GENERAL
Nota general Incluye referencias bibliográficas a final de los párrafos
500 ## - NOTA GENERAL
Nota general Documentos reproducidos por la rectoría de la UASD
500 ## - NOTA GENERAL
Nota general Documentos de trabajo
500 ## - NOTA GENERAL
Nota general Conferencia mundial sobre la educación superior
590 ## - NOTA LOCAL (RLIN)
Nota local Inventariado, 2024/ YL
830 #0 - PUNTO DE ACCESO ADICIONAL DE SERIE-TÍTULO UNIFORME
Título uniforme Publicaciones de la Universidad Autónoma de Santo Domingo
Número de parte o sección de la obra 892
Nombre de parte o sección de la obra Colección Conferencia Magistral
Número de parte o sección de la obra 2
9 (RLIN) 88480
910 ## - DATOS DE OPCIÓN DEL USUARIO (OCLC)
Datos de opción del usuario YLockward
942 ## - ELEMENTOS DE PUNTO DE ACCESO ADICIONAL (KOHA)
Fuente del sistema de clasificación o colocación Dewey Decimal Classification
Tipo de ítem Koha Libro
Holdings
Estado de retiro Estado de pérdida Fuente del sistema de clasificación o colocación Restricciones de uso No para préstamo Código de colección Localización permanente Ubicación/localización actual Ubicación en estantería Fecha de adquisición Fuente de adquisición Total de préstamos Signatura topográfica completa Código de barras Fecha visto por última vez Precio válido a partir de Tipo de ítem Koha Nota pública Número de copia
    Dewey Decimal Classification Excluido de préstamo   Patrimonio Dominicano Biblioteca Nacional Pedro Henríquez Ureña Biblioteca Nacional Pedro Henríquez Ureña En catalogación 26.08.2013 Donado por Intec   BNPHU PD 40442-10 25.06.2020 25.06.2020 Libro    
    Dewey Decimal Classification Excluido de préstamo   Patrimonio Dominicano Biblioteca Nacional Pedro Henríquez Ureña Biblioteca Nacional Pedro Henríquez Ureña En catalogación 01.12.2014 Donación   BNPHU PD 2024-1451 14.03.2024 25.06.2020 Libro Perteneció a la biblioteca personal de Bárbara Suncar.  
    Dewey Decimal Classification Préstamo en sala   Dominicana de Servicio Biblioteca Nacional Pedro Henríquez Ureña Biblioteca Nacional Pedro Henríquez Ureña En catalogación 07.12.2017 Donado por Ilonka Nacidit Perdomo   BNPHU DS 2024-1452 14.03.2024 25.06.2020 Libro   e.3
    Dewey Decimal Classification Préstamo en sala   Dominicana de Servicio Biblioteca Nacional Pedro Henríquez Ureña Biblioteca Nacional Pedro Henríquez Ureña En catalogación 11.08.2025 Donado por Ilonka Nacidit Perdomo   BNPHU DS E24 2025-8252 11.08.2025 11.08.2025 Libro   e.4
    Dewey Decimal Classification Préstamo en sala   Dominicana de Servicio Biblioteca Nacional Pedro Henríquez Ureña Biblioteca Nacional Pedro Henríquez Ureña En catalogación 11.08.2025 Donado por Ilonka Nacidit Perdomo   BNPHU DS E24 2025-8253 11.08.2025 11.08.2025 Libro   e.5

Powered by Koha